[Event "5. HSK-Osteropen 2019"]
[Site "?"]
[Date "2019.04.22"]
[Round "7.27"]
[White "Raedisch, Peter"]
[Black "Grotrian, Peter"]
[Result "0-1"]
[WhiteElo "1660"]
[BlackElo "1511"]
[PlyCount "122"]

1. e4 c5 2. Nf3 d5 3. exd5 Qxd5 4. Nc3 Qh5 5. Be2 Nf6 6. d4 cxd4 7. Qxd4 Nc6 8.
Qd1 e6 9. Nb5 Rb8 10. Nc7+ Ke7 11. b3 Qa5+ 12. c3 Qxc7 13. O-O Ne5 14. c4 Nxf3+
15. Bxf3 Bd7 16. Re1 Rd8 17. Qe2 Bc6 18. Bxc6 Qxc6 19. f4 Ke8 20. Kh1 Bb4 21.
Rf1 Qe4 22. Qf2 Qd4 23. Be3 Qe4 24. Rad1 Nd7 25. Rd4 Qc6 26. Rd3 Bc5 27. Rxd7
Rxd7 28. Bxc5 b6 29. Ba3 Kd8 30. Qg3 f6 31. h3 Kc7 32. b4 Rhd8 33. c5 Rd3 34.
cxb6+ Kxb6 35. Qf2+ Kb7 36. Rc1 Rd1+ 37. Rxd1 Rxd1+ 38. Kh2 Qd5 39. Qg3 Qd7 40.
Bb2 Rd3 41. Qh4 Rd2 42. Bc1 Rc2 43. Be3 Qd3 44. Bc5 Rxa2 45. Qe1 Qe2 46. Qg3 g6
47. h4 f5 48. Qg5 Kc6 49. Qg3 Qg4 50. Qxg4 fxg4 51. Kg3 h5 52. Kh2 a6 53. Be7
Kd5 54. Kg1 Ke4 55. Bd6 Rd2 56. Be5 Rd5 57. g3 Rxe5 58. fxe5 Kxe5 59. Kf2 Ke4
60. Ke2 e5 61. Kf2 Kd3 0-1

[Event "5. HSK-Osteropen 2019"]
[Site "?"]
[Date "2019.04.22"]
[Round "7.28"]
[White "Kipke, Mark"]
[Black "Fuhrmann, Jeppe"]
[Result "1-0"]
[WhiteElo "1623"]
[BlackElo "1365"]
[PlyCount "59"]

1. e4 e5 2. Nf3 Nc6 3. Bb5 a6 4. Ba4 Nf6 5. O-O Bc5 6. Nxe5 Nxe5 7. d4 Bd6 8.
dxe5 Bxe5 9. f4 Bd6 10. Nc3 Bc5+ 11. Kh1 O-O 12. e5 Ne8 13. Ne4 Be7 14. Be3 d6
15. Qf3 Bf5 16. Ng3 Qc8 17. Nxf5 Qxf5 18. Qxb7 Qc8 19. Qe4 Rb8 20. Bb3 Kh8 21.
Qd3 dxe5 22. fxe5 f6 23. e6 c5 24. Rf3 g6 25. Rh3 f5 26. Bf4 Rb6 27. Qe3 Nf6
28. Be5 Qb7 29. Qh6 Kg8 30. Bxf6 1-0

[Event "5. HSK-Osteropen 2019"]
[Site "?"]
[Date "2019.04.22"]
[Round "7.29"]
[White "Fuhrmann, Frederik"]
[Black "Echt, Pascal"]
[Result "1-0"]
[WhiteElo "1550"]
[BlackElo "1372"]
[PlyCount "145"]

1. c4 c5 2. g3 g6 3. Bg2 Bg7 4. Nf3 Nf6 5. Nc3 Nc6 6. a3 a5 7. O-O O-O 8. Rb1
Rb8 9. b3 b6 10. Bb2 d5 11. cxd5 Nxd5 12. Nxd5 Bxb2 13. Nxe7+ Qxe7 14. Rxb2 Ba6
15. Re1 Qf6 16. Qb1 Rfe8 17. d3 Na7 18. Rd2 Rbd8 19. a4 Nc6 20. Red1 Ne7 21. d4
Nd5 22. Qb2 c4 23. bxc4 Bxc4 24. e3 h6 25. Rc1 Ba6 26. Ne5 Nb4 27. Nc6 Rc8 28.
Nxb4 Rxc1+ 29. Qxc1 axb4 30. Qb1 b5 31. Qxb4 bxa4 32. Qxa4 Rb8 33. Rd1 Rb2 34.
f4 Qb6 35. Qe8+ Kg7 36. Qc6 Qb3 37. Qc1 Qa2 38. Bd5 Qa3 39. Re1 Qb4 40. Rd1 Bd3
41. Qc5 Qxc5 42. dxc5 Bf5 43. Rc1 Rb8 44. e4 Bc8 45. Rc2 Kf8 46. Kf2 Ke7 47.
Ke3 f6 48. Kd4 Rb4+ 49. Kc3 Rb5 50. Kc4 Rb8 51. Ra2 Rb1 52. Ra7+ Kd8 53. Rh7 h5
54. Rg7 f5 55. e5 Rb2 56. Rxg6 Rxh2 57. Be6 Rc2+ 58. Kb3 Rxc5 59. Rg8+ Ke7 60.
Rxc8 Rb5+ 61. Ka4 Rb2 62. Bxf5 Rg2 63. Rh8 Rxg3 64. Rxh5 Rf3 65. Rh4 Rf1 66.
Kb5 Rf2 67. Kc5 Rf1 68. Kd5 Rd1+ 69. Ke4 Re1+ 70. Kf3 Rg1 71. Kf2 Rd1 72. Kf3
Rf1+ 73. Kg4 1-0

[Event "5. HSK-Osteropen 2019"]
[Site "?"]
[Date "2019.04.22"]
[Round "7.30"]
[White "Grotrian, Pauline"]
[Black "Lohmann, Rene Alexander"]
[Result "0-1"]
[WhiteElo "1309"]
[BlackElo "1526"]
[PlyCount "62"]

1. e4 e6 2. d4 d5 3. e5 c5 4. c3 Nc6 5. Nf3 Bd7 6. Be3 c4 7. Nbd2 Qc7 8. Be2
Be7 9. O-O f6 10. Bf4 f5 11. Re1 h6 12. h3 g5 13. Bh2 h5 14. Kh1 g4 15. Ng1
O-O-O 16. b3 Na5 17. bxc4 Nxc4 18. Nxc4 dxc4 19. Rb1 Bc6 20. Bxc4 Bxg2+ 21.
Kxg2 Qc6+ 22. Kf1 Qxc4+ 23. Kg2 Nh6 24. Qb3 gxh3+ 25. Kxh3 Qxb3 26. Rxb3 Rhg8
27. Reb1 Rd7 28. Bf4 Ng4 29. Nf3 Nxf2+ 30. Kh2 Bh4 31. a4 Rdg7 0-1

[Event "5. HSK-Osteropen 2019"]
[Site "?"]
[Date "2019.04.22"]
[Round "7.32"]
[White "Queißer, Jens"]
[Black "Dorendorf, Mika"]
[Result "1-0"]
[WhiteElo "1431"]
[BlackElo "1323"]
[PlyCount "55"]

1. e4 c5 2. Nf3 e6 3. g3 Nc6 4. Bg2 g6 5. d3 Bg7 6. O-O Nge7 7. Nbd2 O-O 8. c3
d5 9. Qc2 b6 10. Re1 Qc7 11. b3 Nb4 12. cxb4 Bxa1 13. d4 Qb7 14. bxc5 bxc5 15.
Qxc5 dxe4 16. Nxe4 Nd5 17. Bh6 Rd8 18. Rxa1 Qa6 19. Bf1 Qb7 20. Bc4 Nb6 21. Qe5
f5 22. Nf6+ Kf7 23. Ng5+ Ke7 24. Nxe6 Nxc4 25. bxc4 Bxe6 26. Re1 Qa6 27. Qc7+
Kxf6 28. Qg7# 1-0

[Event "5. HSK-Osteropen 2019"]
[Site "?"]
[Date "2019.04.22"]
[Round "7.33"]
[White "Meyer, Harald"]
[Black "Roth, Paul"]
[Result "0-1"]
[WhiteElo "1298"]
[BlackElo "1608"]
[PlyCount "96"]

1. e4 c5 2. Nf3 d6 3. c3 Nf6 4. d3 Nc6 5. Na3 a6 6. Bd2 e5 7. Be2 d5 8. Bg5 d4
9. Nc2 Be7 10. a4 a5 11. c4 O-O 12. h3 Ne8 13. h4 h6 14. Bd2 f5 15. Bf1 fxe4
16. dxe4 Nc7 17. Ra3 Na6 18. Qc1 Nab4 19. Na1 Ra6 20. Kd1 Qd6 21. Nc2 Nxc2 22.
Qxc2 Nb4 23. Qb1 Bd7 24. b3 Qe6 25. Bxb4 axb4 26. Ra2 Bd6 27. Qd3 Bc7 28. Ke1
Qg6 29. Rh2 Raf6 30. Be2 Bc6 31. h5 Qh7 32. Rh4 Rf4 33. Rxf4 Rxf4 34. Nd2 Bxe4
35. Nxe4 Qxe4 36. Qxe4 Rxe4 37. g3 d3 38. f3 Rxe2+ 39. Rxe2 dxe2 40. g4 Kf7 41.
Kxe2 Kf6 42. Ke3 g6 43. Ke4 gxh5 44. gxh5 Kg5 45. Ke3 Kxh5 46. Kf2 Kg5 47. Kg3
h5 48. Kg2 Kf4 0-1

[Event "5. HSK-Osteropen 2019"]
[Site "?"]
[Date "2019.04.22"]
[Round "7.34"]
[White "Stolzenwald, Frank"]
[Black "Steffen, Victor"]
[Result "1-0"]
[WhiteElo "1292"]
[BlackElo "1306"]
[PlyCount "115"]

1. Nh3 e5 2. f3 d5 3. Nf2 Nc6 4. d3 Bc5 5. e3 Nf6 6. c3 a5 7. b3 Be6 8. d4 exd4
9. exd4 Bd6 10. Bd3 Qe7 11. O-O O-O 12. a4 h6 13. Ba3 Rfe8 14. Re1 Qd7 15. Bxd6
Qxd6 16. Na3 Na7 17. Qc2 Bd7 18. Re2 Re7 19. Rxe7 Qxe7 20. Qd2 Re8 21. Nc2 Qf8
22. Re1 Re7 23. Re3 Qe8 24. Qe2 Rxe3 25. Qxe3 Qxe3 26. Nxe3 g6 27. g4 c6 28. c4
dxc4 29. Nxc4 Be6 30. Nxa5 b6 31. Nc4 b5 32. Nd2 bxa4 33. bxa4 Nd7 34. Nfe4 Nc8
35. Nc5 Nxc5 36. dxc5 Ne7 37. a5 Nc8 38. a6 Kg7 39. Ne4 Bd5 40. Nd6 Na7 41. Kf2
Kf6 42. f4 g5 43. Bf5 gxf4 44. Nc8 Nb5 45. a7 Nxa7 46. Nxa7 Ke5 47. Bd7 Kd4 48.
Nxc6+ Bxc6 49. Bxc6 Kxc5 50. Be8 f6 51. Kf3 Kd6 52. Kxf4 Ke7 53. Bh5 Kf8 54.
Kf5 Kg7 55. Bg6 Kf8 56. Kxf6 h5 57. Bxh5 Kg8 58. g5 1-0

[Event "5. HSK-Osteropen 2019"]
[Site "?"]
[Date "2019.04.22"]
[Round "7.35"]
[White "Yuong, Elias"]
[Black "Krüger, Dietrich"]
[Result "1-0"]
[WhiteElo "1358"]
[BlackElo "1230"]
[PlyCount "89"]

1. e4 Nc6 2. d4 d5 3. exd5 Qxd5 4. Be3 Bf5 5. c4 Qd7 6. Nc3 e6 7. a3 O-O-O 8.
Nf3 h6 9. Be2 g5 10. h3 Bg7 11. O-O g4 12. hxg4 Bxg4 13. d5 Nce7 14. dxe6 Qxe6
15. Qa4 Nc6 16. Rad1 Bxc3 17. Rxd8+ Kxd8 18. Rd1+ Ke8 19. bxc3 Nge7 20. Re1 Rg8
21. Nd4 Qg6 22. Nxc6 bxc6 23. Bxg4 Qxg4 24. g3 f5 25. Bc5 Rg7 26. Qxc6+ Kf7 27.
Rxe7+ Kg8 28. Rxg7+ Qxg7 29. Qe8+ Kh7 30. Qe7 Kg6 31. Qxg7+ Kxg7 32. Bxa7 Kf7
33. Be3 Ke7 34. Bxh6 Kd6 35. Bf4+ Kc6 36. Kg2 Kc5 37. Bxc7 Kxc4 38. Ba5 Kb3 39.
Bb4 Kc4 40. Kf3 Kd5 41. Kf4 Ke6 42. g4 fxg4 43. Kxg4 Kd5 44. f4 Ke6 45. f5+ 1-0